| 000 | 00842nam a2200205 4500 | ||
|---|---|---|---|
| 001 | K121122 | ||
| 008 | 191001b2019 ||||| |||| 00| 0 eng d | ||
| 041 | _aeng | ||
| 110 | _aRoyal Institution of Chartered Surveyors | ||
| 245 |
_aRegulation of Property Agents _bRICS response and involvement in the RoPA report and industry working group |
||
| 260 |
_aLondon _bRICS _c2019 |
||
| 300 | _a3p | ||
| 520 | _aRICS outlines its response to Lord Best's Regulation of Property Agents report. Supports the recommendations of the report. See K116304 to view full report: Regulation of Property Agents. | ||
| 650 | _aProperty agents | ||
| 651 | _aUnited Kingdom | ||
| 690 |
_96220 _aBlock management |
||
| 700 | _aBest, Lord | ||
| 856 |
_uhttps://www.rics.org/news-insights/regulation-of-property-agents _zView at rics.org. |
||
| 942 | _n0 | ||
| 999 |
_c121122 _d121122 |
||